000 00651nam a22002297a 4500
003 UA-OsUOA
001 117776
007 ta
008 20160615b un ||||| |||| 00| 0 ukr d
100 _aРадомський І.С.
700 _aЯкубенко О.О.
090 _a902
_bР15
942 _cSA
040 _aUA-OsUOA
_bukr
_cUA-OsUOA
_dUA-OsUOA
245 _aКам'яний інвентар поселення Озаринці
300 _aС.97-104
955 _a0
041 _aukr
080 _a902
773 0 _w117768
_tАрхеологія
_dК.
_d2016
_g1
650 7 _a9 Географія. Біографії. Історія
_2UDC
999 _c403815
_d403815